Extra-floral nectaries in Hevea brasiliensis (Record no. 59204)

MARC details
000 -LEADER
fixed length control field 00383nam a2200145Ia 4500
100 ## - MAIN ENTRY--AUTHOR NAME
Personal name Thankamma L
245 #0 - TITLE STATEMENT
Title Extra-floral nectaries in Hevea brasiliensis
260 ## - PUBLICATION, DISTRIBUTION, ETC. (IMPRINT)
Name of publisher Rubber Board Bulletin
Year of publication 1986
300 ## - PHYSICAL DESCRIPTION
Number of Pages 14-21
650 ## - SUBJECT ADDED ENTRY--TOPICAL TERM
Topical Term Extra-floral nectories
650 ## - SUBJECT ADDED ENTRY--TOPICAL TERM
Topical Term Hevea brasiliensis
700 ## - ADDED ENTRY--PERSONAL NAME
Personal name George K V
942 ## - ADDED ENTRY ELEMENTS (KOHA)
Koha item type Journals
Holdings
Withdrawn status Lost status Damaged status Not for loan Home library Current library Shelving location Date acquired Serial Enumeration / chronology Koha item type
      Journals RRII Library RRII Library Pathology 17/12/2021 Volume 22, Issue 2 Journals